Mente matic [juego] /

Guardado en:
Formato: Objeto Físico
Publicado: Argentina : Habano, [199?]
Materias:
Etiquetas: Agregar Etiqueta
Sin Etiquetas, Sea el primero en etiquetar este registro!
LEADER 00758nrm a22001455g 4500
001 CEM.cems019426
008 130507b199?##################0###0#####d
005 20220830181254.0
245 0 0 |a Mente matic [juego] /  |c Habano 
260 |a Argentina :  |b Habano,  |c [199?] 
300 |a 1 juego (1 tablero con cubilete automático,4 cuadernillos con preguntas y respuestas, 4 fichas-desplazamiento, 16 fichas de 4 colores de categorí­as) ; en caja 30 x 43 x 5 cm. + instrucciones en cada cuadernillo. 
500 |a Para 2 a cuatro participantes a partir de 13 años objetivo: responder las preguntas y conseguir las 4 cápsulas dos niveles de juego. 
082 0 4 |a J793.73 
653 |a 1.- juegos de preguntas y respuestas 
859 |a CEMS  |b BIB. CEMS - Ludoteca  |h J793.73  |i H113  |p 188.99  |t Ej.1